Cấu tạo kiến trúc
Cuốn sách này sẽ giúp cho sinh viên, kiến trúc sư kỹ sư xây dựng mới vào nghề nhanh chóng làm quen với các thiết bị cấu tạo kiến trúc điển hình khi thiết kế các công trình đầu tay và đỡ mất nhiều thời gian trong vấn đề giải quyết những...
Đã lưu trong:
| Format: | Bog |
|---|---|
| Sprog: | Vietnamese |
| Udgivet: |
H.
Xây dựng
2013
|
| Udgivelse: | Tái bản |
| Fag: | |
| Tags: |
Tilføj Tag
Ingen Tags, Vær først til at tagge denne postø!
|
| Thư viện lưu trữ: | Thư viện Trường Đại học Nam Cần Thơ |
|---|
| LEADER | 01993aam a22002298a 4500 | ||
|---|---|---|---|
| 001 | NCT_25930 | ||
| 008 | 090916s2009 ||||||viesd | ||
| 999 | |c 1240 |d 1240 | ||
| 020 | |c 84000 | ||
| 082 | 0 | 4 | |2 23rd ed. |a 721 |b K.305 |
| 245 | 1 | 0 | |a Cấu tạo kiến trúc |c Bộ xây dựng |
| 250 | |a Tái bản | ||
| 260 | |a H. |b Xây dựng |c 2013 | ||
| 300 | |a 189 tr. |b minh họa |c 31 cm | ||
| 520 | 3 | |a Cuốn sách này sẽ giúp cho sinh viên, kiến trúc sư kỹ sư xây dựng mới vào nghề nhanh chóng làm quen với các thiết bị cấu tạo kiến trúc điển hình khi thiết kế các công trình đầu tay và đỡ mất nhiều thời gian trong vấn đề giải quyết những chi tiết cấu tạo thông thường để tập trung cho việc sáng tạo tổng thể công trình. Ngoài ra cuốn sách còn giúp cho mọi đối tượng khác nhau muốn tìm hiểu về cấu tạo kiến trúc để có thể tự quyết đinh trong việc thiết kế, sửa chữa hoặc xây dựng mới công trình, nhà ở cho bản thân mình | |
| 653 | |a Kiến trúc | ||
| 942 | |2 ddc |c BK | ||
| 952 | |0 0 |1 0 |2 ddc |4 0 |6 721_000000000000000_A107 |7 0 |9 9301 |a 000001 |b 000001 |d 2018-06-01 |l 4 |o 721 A107 |p MD.08478 |r 2021-04-22 |s 2021-04-09 |v 84000.00 |w 2018-06-01 |y BK | ||
| 952 | |0 0 |1 0 |2 ddc |4 0 |6 721_000000000000000_A107 |7 0 |9 9302 |a 000001 |b 000001 |d 2018-06-01 |l 1 |o 721 A107 |p MD.08844 |q 2021-05-10 |r 2021-04-26 |s 2021-04-26 |v 84000.00 |w 2018-06-01 |y BK | ||
| 952 | |0 0 |1 0 |2 ddc |4 0 |6 721_000000000000000_A107 |7 0 |9 9303 |a 000001 |b 000001 |d 2018-06-01 |l 1 |o 721 A107 |p MD.08845 |r 2020-03-19 |s 2020-03-07 |v 84000.00 |w 2018-06-01 |y BK | ||
| 952 | |0 0 |1 0 |2 ddc |4 0 |6 721_000000000000000_A107 |7 0 |9 9304 |a 000001 |b 000001 |d 2018-06-01 |o 721 A107 |p MD.08846 |r 2018-06-01 |v 84000.00 |w 2018-06-01 |y BK | ||
| 980 | |a Thư viện Trường Đại học Nam Cần Thơ | ||